<?xml version="1.0" encoding="UTF-8"?>
<marc:record xmlns:marc="http://www.loc.gov/MARC21/slim">
   <marc:leader>00000nam a2200000 a 4500</marc:leader>
   <marc:datafield ind1="1" ind2=" " tag="100">
      <marc:subfield code="a">Pantermüller, Alice</marc:subfield>
      <marc:subfield code="4">aut</marc:subfield>
      <marc:subfield code="e">Verfasser/-in</marc:subfield>
   </marc:datafield>
   <marc:datafield ind1="1" ind2=" " tag="100">
      <marc:subfield code="a">Kohl, Daniela</marc:subfield>
   </marc:datafield>
   <marc:datafield ind1=" " ind2=" " tag="653">
      <marc:subfield code="a">Theater</marc:subfield>
   </marc:datafield>
   <marc:datafield ind1=" " ind2=" " tag="653">
      <marc:subfield code="a">Schule</marc:subfield>
   </marc:datafield>
   <marc:datafield ind1=" " ind2=" " tag="653">
      <marc:subfield code="a">Kinderbücher bis 11 Jahre</marc:subfield>
   </marc:datafield>
   <marc:datafield ind1=" " ind2=" " tag="653">
      <marc:subfield code="a">(Zielgruppe)ab 8 Jahre</marc:subfield>
   </marc:datafield>
   <marc:datafield ind1=" " ind2=" " tag="653">
      <marc:subfield code="a">Bestseller Autorin</marc:subfield>
   </marc:datafield>
   <marc:datafield ind1=" " ind2=" " tag="653">
      <marc:subfield code="a">Carolin Kebekus als Klassenlehrerin Frau Kackert</marc:subfield>
   </marc:datafield>
   <marc:datafield ind1=" " ind2=" " tag="653">
      <marc:subfield code="a">Film Autorin</marc:subfield>
   </marc:datafield>
   <marc:datafield ind1=" " ind2=" " tag="653">
      <marc:subfield code="a">Für Fans von Conni</marc:subfield>
   </marc:datafield>
   <marc:datafield ind1=" " ind2=" " tag="653">
      <marc:subfield code="a">Für Fans von Rico</marc:subfield>
   </marc:datafield>
   <marc:datafield ind1=" " ind2=" " tag="653">
      <marc:subfield code="a">Gedichte schreiben</marc:subfield>
   </marc:datafield>
   <marc:datafield ind1=" " ind2=" " tag="653">
      <marc:subfield code="a">Heiner Krishna und Caro Cult als Manager</marc:subfield>
   </marc:datafield>
   <marc:datafield ind1=" " ind2=" " tag="653">
      <marc:subfield code="a">Kinderbuch ab 8 Mädchen</marc:subfield>
   </marc:datafield>
   <marc:datafield ind1=" " ind2=" " tag="653">
      <marc:subfield code="a">Kinofilm Autorin</marc:subfield>
   </marc:datafield>
   <marc:datafield ind1=" " ind2=" " tag="653">
      <marc:subfield code="a">Laura Tonke als Lottas Mutter</marc:subfield>
   </marc:datafield>
   <marc:datafield ind1=" " ind2=" " tag="653">
      <marc:subfield code="a">Lukas Rieger als Sänger Marlon</marc:subfield>
   </marc:datafield>
   <marc:datafield ind1=" " ind2=" " tag="653">
      <marc:subfield code="a">Meggy Hussong als Lotta</marc:subfield>
   </marc:datafield>
   <marc:datafield ind1=" " ind2=" " tag="653">
      <marc:subfield code="a">Oliver Mommsen als Lottas Vater</marc:subfield>
   </marc:datafield>
   <marc:datafield ind1=" " ind2=" " tag="653">
      <marc:subfield code="a">Schauspielerin</marc:subfield>
   </marc:datafield>
   <marc:datafield ind1=" " ind2=" " tag="653">
      <marc:subfield code="a">Schneewittchen</marc:subfield>
   </marc:datafield>
   <marc:datafield ind1=" " ind2=" " tag="653">
      <marc:subfield code="a">Schultheater</marc:subfield>
   </marc:datafield>
   <marc:datafield ind1=" " ind2=" " tag="653">
      <marc:subfield code="a">berühmt werden</marc:subfield>
   </marc:datafield>
   <marc:datafield ind1=" " ind2=" " tag="653">
      <marc:subfield code="a">beste Freundin</marc:subfield>
   </marc:datafield>
   <marc:datafield ind1=" " ind2=" " tag="653">
      <marc:subfield code="a">dichten</marc:subfield>
   </marc:datafield>
   <marc:datafield ind1=" " ind2=" " tag="653">
      <marc:subfield code="a">freches Mädchen</marc:subfield>
   </marc:datafield>
   <marc:datafield ind1=" " ind2=" " tag="653">
      <marc:subfield code="a">für Fans von Gregs Tagebuch</marc:subfield>
   </marc:datafield>
   <marc:datafield ind1=" " ind2=" " tag="653">
      <marc:subfield code="a">von der Autorin von Alles Bingo mit Flamingo</marc:subfield>
   </marc:datafield>
   <marc:datafield ind1=" " ind2=" " tag="653">
      <marc:subfield code="a">von der Autorin von Alles voller Kaninchen</marc:subfield>
   </marc:datafield>
   <marc:datafield ind1=" " ind2=" " tag="653">
      <marc:subfield code="a">von der Autorin von Mein Lotta-Leben Lotta</marc:subfield>
   </marc:datafield>
   <marc:datafield ind1="0" ind2="0" tag="245">
      <marc:subfield code="a">Linni von Links (Band 1 und 2)</marc:subfield>
   </marc:datafield>
   <marc:datafield ind1="0" ind2="0" tag="245">
      <marc:subfield code="c">Alice Pantermüller. Ill. v. Daniela Kohl</marc:subfield>
   </marc:datafield>
   <marc:datafield ind1=" " ind2="1" tag="264">
      <marc:subfield code="a">Würzburg</marc:subfield>
      <marc:subfield code="b">Arena</marc:subfield>
      <marc:subfield code="c">2019</marc:subfield>
   </marc:datafield>
   <marc:datafield ind1="1" ind2=" " tag="520">
      <marc:subfield code="a">Angaben aus der Verlagsmeldung &lt;br/&gt;&lt;br/&gt; &lt;br/&gt;&lt;br/&gt;  Linni von Links (Band 1 und 2) / von Alice Pantermüller &lt;br/&gt;&lt;br/&gt; &lt;br/&gt;&lt;br/&gt;  &lt;br/&gt;&lt;br/&gt; Für alle, die von Mein Lotta-Leben nicht genug bekommen: Hier kommt Linni von Links!&lt;br/&gt;  &lt;br/&gt;&lt;br/&gt; &lt;br/&gt;&lt;br/&gt; &lt;br/&gt; Linni von Links reicht es: Seit Uroma Emilie sind alle Frauen der Familie von Links berühmt geworden. Als sogar ihre kleine Schwester zum Star wird, steht für Linni fest: Sie muss etwas tun. Leider ist sie weder als Dichterin noch als Schauspielerin begabt. Doch aufgeben kommt für Linni niemals infrage. Mit ihrer besten Freundin Isadora versucht sie alles, sich ihren Traum vom Berühmtsein zu erfüllen. &lt;br/&gt;&lt;br/&gt; &lt;br/&gt;Dass in letzter Zeit ständig eine griesgrämige alte Dame auftaucht, die aussieht wie ein Geist und Linni und Isadora von einem Missgeschick ins nächste führt, hilft dabei auch nicht. &lt;br/&gt;&lt;br/&gt; &lt;br/&gt;Hochkomisch, liebenswert und originell erzählt von Mein Lotta-Leben-Bestsellerautorin Alice Pantermüller. Kunterbunt und einzigartig gestaltet von Mein Lotta-Leben-Bestsellerillustratorin Daniela Kohl. Die beliebte Kinderbuchreihe für Mädchen ab 8 Jahren erstmals im attraktiven Sammelband. &lt;br/&gt;&lt;br/&gt; &lt;br/&gt;Weitere Bücher von Alice Pantermüller und Daniela Kohl im Arena Verlag: &lt;br/&gt;&lt;br/&gt; &lt;br/&gt;Mein Lotta-Leben. Alles voller Kaninchen (1)&lt;br/&gt;Mein Lotta-Leben. Wie belämmert ist das denn? (2)&lt;br/&gt;Mein Lotta-Leben. Hier steckt der Wurm drin! (3)&lt;br/&gt;Mein Lotta-Leben. Daher weht der Hase! (4)&lt;br/&gt;Mein Lotta-Leben. Ich glaub, meine Kröte pfeift! (5)&lt;br/&gt;Mein Lotta-Leben. Den Letzten knutschen die Elche! (6)&lt;br/&gt;Mein Lotta-Leben. Und täglich grüßt der Camembär (7)&lt;br/&gt;Mein Lotta-Leben. Kein Drama ohne Lama (8)&lt;br/&gt;Mein Lotta-Leben. Das reinste Katzentheater (9)&lt;br/&gt;Mein Lotta-Leben. Der Schuh des Känguru (10)&lt;br/&gt;Mein Lotta-Leben. Volle Kanne Koala (11)&lt;br/&gt;Mein Lotta-Leben. Eine Natter macht die Flatter (12)&lt;br/&gt;Mein Lotta-Leben. Wenn die Frösche zweimal quaken (13)&lt;br/&gt;Mein Lotta-Leben. Da lachen ja die Hunde! (14)&lt;br/&gt;Mein Lotta-Leben. Wer den Wal hat (15) &lt;br/&gt;&lt;br/&gt; &lt;br/&gt;Linni von Links. Sammelband. Band 1 und 2&lt;br/&gt;Linni von Links. Alle Pflaumen fliegen hoch (3)&lt;br/&gt;Linni von Links. Die Heldin der Bananentorte (4)</marc:subfield>
   </marc:datafield>
   <marc:datafield ind1=" " ind2=" " tag="020">
      <marc:subfield code="a">9783401605142</marc:subfield>
      <marc:subfield code="9">9783401605142</marc:subfield>
   </marc:datafield>
   <marc:datafield ind1=" " ind2=" " tag="041">
      <marc:subfield code="a">ger</marc:subfield>
   </marc:datafield>
   <marc:datafield ind1=" " ind2=" " tag="300">
      <marc:subfield code="b">Ill.</marc:subfield>
   </marc:datafield>
   <marc:datafield ind1="1" ind2=" " tag="521">
      <marc:subfield code="a">0</marc:subfield>
   </marc:datafield>
   <marc:datafield ind1=" " ind2=" " tag="300">
      <marc:subfield code="a">280 Seiten</marc:subfield>
   </marc:datafield>
</marc:record>
